STUDIES IN JURISPRUDENCE LEGAL THEORY (Record no. 8434)

MARC details
000 -LEADER
fixed length control field 00449nam a22001817a 4500
005 - DATE AND TIME OF LATEST TRANSACTION
control field 20231031164736.0
008 - FIXED-LENGTH DATA ELEMENTS--GENERAL INFORMATION
fixed length control field 231031b |||||||| |||| 00| 0 eng d
020 ## - INTERNATIONAL STANDARD BOOK NUMBER
ISBN 978-93-92140-20-4
041 ## - LANGUAGE CODE
Language code of text/sound track or separate title eng
082 ## - DEWEY DECIMAL CLASSIFICATION NUMBER
Classification number 340.1
100 ## - MAIN ENTRY--AUTHOR NAME
Personal name PARANJAPE, DR. N.V.
245 ## - TITLE STATEMENT
Title STUDIES IN JURISPRUDENCE LEGAL THEORY
250 ## - EDITION STATEMENT
Edition statement 10TH, ED. 2023
260 ## - PUBLICATION, DISTRIBUTION, ETC. (IMPRINT)
Place of publication ALLAHABAD
Name of publisher CENTAL LAW PUBLICATION
Year of publication 2022
300 ## - PHYSICAL DESCRIPTION
Number of Pages 463;p
650 ## - SUBJECT ADDED ENTRY--TOPICAL TERM
Topical Term LAW
942 ## - ADDED ENTRY ELEMENTS (KOHA)
Koha item type Books
Holdings
Lost status Damaged status Collection code Home library Current library Shelving location Date acquired Source of acquisition Cost, normal purchase price Full call number Accession Number Koha item type
    Reference JRU Library JRU Library SHELF-1-A 31/10/2023 PURCHASE [LBI] 650.00 340.1 27982 Books
    LAW JRU Library JRU Library SHELF-30-B 31/10/2023 PURCHASE [LBI] 650.00 340.1 27983 Books
    LAW JRU Library JRU Library SHELF-30-B 31/10/2023 PURCHASE [LBI] 650.00 340.1 27984 Books
    LAW JRU Library JRU Library SHELF-30-B 31/10/2023 PURCHASE [LBI] 650.00 340.1 27985 Books
    LAW JRU Library JRU Library SHELF-30-B 31/10/2023 PURCHASE [LBI] 650.00 340.1 27986 Books